000 00445nam a2200181Ia 4500
001 762
005 20260306140541.0
008 260306t2003||||xx |||||||||||||| ||spa||
041 _aESP
082 _a160
_bP773
100 _aPopper, Karl Raimund, 1902-1997
_eAUT
245 0 _aLa lógica de la investigación científica
260 _c2003
300 _a451 páginas :
_c22 cm.
650 _aGEN
654 _aCHU
942 _cLIB
_dJUS
_fJUS
_2ddc
_n
999 _c762
_d762